Loading...

Globalisation and Indian Economy

Bibliographic Details
Main Author: JHUNHUNWALA,Bharat
Format: Printed Book
Published: Kalpaz Publicatios,Delhi 2010
Subjects:
LEADER 00516nam a2200193 4500
020 |c 720 
082 |a 337 JHU-G 
100 |a JHUNHUNWALA,Bharat 
245 |a Globalisation and Indian Economy 
250
260 |a Kalpaz Publicatios,Delhi  |c 2010 
300
490
500
590 |a MBC,Tvpm  |c 720 
650 |a International Economics 
942 |c BK 
999 |c 116179  |d 116179 
952 |0 0  |1 0  |4 0  |6 337_000000000000000_JHUG  |7 0  |9 129646  |a ECN  |b ECN  |g 720.00  |l 0  |o 337 JHU-G  |p ECN13199  |r 2019-09-25  |w 2019-09-25  |y BK